1212 1957 1512 1466 1836 1665 1502 1713 1158 1715 1409 1490 1533 1714 1240 1662 1857 1043 1287 1436 1477 1040 1952 1810 1525 1607 1462 1488 1940 1494 1348 1632 1773 1573 1184 1182 1110 1641 1977 1171 1975 1435 1875 1431 1123 1994 1080 1676 1300 1914 1258 1146 1319 1429 1237 1797 1378 1649 1154 1066 1004 1750 1685 1939 1675 1471 1949 1300 1404 1563 1330 1855 1591 1960 1584 1023 1085 1674 1199 1757 1464 1807 1845 1680 1837 1891 1601 1874 1248 1938 1860 1420 1735 1716 1706 1808 1699 1582 1721 BCNSPRNW ULIB Ver.6.0+V

เปลี่ยนเป็นภาษาไทย

Change to English
 แสดงรายละเอียดบรรณานุกรม
  กลับหน้าหลัก

Brief Record : Get Marc (ISO 2709) : E-mail record : QR code < ปิดหน้าต่าง
LEADER : 00000nam 2200000uu 4500
001    13399113659
003     ULIB
008    020711s2549 th a 000 0 tha d
020    ^a9749463854
090    ^aนว.^bs11ม 2549
100    ^aSteve Cash
245    ^aเดอะเม็ก เผ่าพันธุ์อมตะ/^cSteve Cash
260    ^aกรุงเทพฯ :^bนานมีบุ๊ค,^c2549
300    ^a527 หน้า
945    ^p345^l0^i019595
995    ทศพร
999 ^a ใช้งานได้ทุกระบบ
รายการนี้ยังไม่มีแท็ก
คุณยังไม่ได้ล็อกอิน คุณสามารถมีกิจกรรมร่วมกับเว็บไซต์ได้ แต่ต้องล็อกอินก่อน ::
  ล็อกอิน

รายการสื่อสารสนเทศ

ลำดับที่ ประเภท เลขเรียก/บาร์โค้ด สถานที่ สถานะ
1. นวนิยาย
นวนิยาย
นว. s11ม 2549 ฉ.1 
  Barcode: 019595
ห้องสมุดวิทยาเขตสวรรค์ประชารักษ์
►นวนิยาย
บนชั้น
  ขอยืม

BibComment


ยังไม่เคยถูกคอมเมนท์

คอมเมนท์ทรัพยากรรายการนี้
  คอมเมนท์: เดอะเม็ก เผ่าพัน..


 Copyright 2026. Bcnsprnw @Library